000
00311nam a22001337a 4500
999
_c
534289
_d
534289
020
_a
9695037135
040
_c
MSOHAIL
082
_a
891.439301
100
_a
Mumtaz Mufti
_9
370
245
_a
Roghani Putlay / روغنی پتلے
260
_a
Lahore
_b
Al-Faisal
_c
c2008
300
_a
224;p
942
_2
ddc
_c
BK